The Bible and spiritual criticism. (Record no. 3366)

000 -LEADER
fixed length control field 00578nam a2200181 a 4500
001 - CONTROL NUMBER
control field :::00001096$&:&@@
003 - CONTROL NUMBER IDENTIFIER
control field OkBaRHE
005 - DATE AND TIME OF LATEST TRANSACTION
control field 20000607103241.0
008 - FIXED-LENGTH DATA ELEMENTS--GENERAL INFORMATION
fixed length control field s1970 j 000 0 eng u
040 ## - CATALOGING SOURCE
Transcribing agency
100 1# - MAIN ENTRY--PERSONAL NAME
Personal name Pierson, Arthur Tappan, 1837-1911.
245 14 - TITLE STATEMENT
Title The Bible and spiritual criticism.
260 ## - PUBLICATION, DISTRIBUTION, ETC. (IMPRINT)
Place of publication, distribution, etc Grand Rapids, MI., :
Name of publisher, distributor, etc Baker Book House
Date of publication, distribution, etc 1970
300 ## - PHYSICAL DESCRIPTION
Extent 276 p. ;
Dimensions 20 cm.
650 ## - SUBJECT ADDED ENTRY--TOPICAL TERM
Topical term or geographic name as entry element Bible
General subdivision Addresses, Essays, Lectures
942 ## - ADDED ENTRY ELEMENTS (KOHA)
Source of classification or shelving scheme
Koha item type Books
Copies
Permanent Location Copy number Damaged status Withdrawn status Date acquired Shelving location Source of classification or shelving scheme Not for loan Lost status Koha item type Date last seen Full call number Price effective from Barcode
RHEMA Bible Training College1  2010-04-14General Stacks   Books2018-02-16BS 540 .P4582010-04-141096